Henry Stickmin Games - Statistics

General Stats
  • This quiz has been taken 280 times
  • The average score is 5 of 6
Answer Stats
Answer % Correct
Stealing the Diamond
93%
Breaking the Bank
92%
Escaping the Prison
90%
Completing the Mission
87%
Fleeing the Complex
87%
Infiltrating the Airship
80%
No matching quizzes found
Score Distribution
Percent of People with Each Score
Percentile by Number Answered
Your Score History
You have not taken this quiz